00830naa#a2200169#i#4500001004000000005001700040011001400057100004100071101000800112102000700120200021000127210019500337215001000532608004500542700005200587856002100639RU\FGKOU VO SPBU MVD ROSSII\bibl\10677820260701033850.3##a2071-8284##a20260630b2026####ek#y0rusy0150####ca0#aRUS##aRU1#aДифференциация уголовной ответственности в зависимости от принадлежности предмета хищенияeЖурнальная статья1#aСанкт-ПетербургcСАНКТ-ПЕТЕРБУРГСКИЙ УНИВЕРСИТЕТ МИНИСТЕРСТВА ВНУТРЕННИХ ДЕЛ РОССИЙСКОЙ ФЕДЕРАЦИИd2026##a7 с.##aЖурнальная статья2local#1aГубаревgЕвгений Игоревич4#avestnikspbmvd.ru